| 000 | 01092nam a2200313 a 4500 | ||
|---|---|---|---|
| 001 | 000017853 | ||
| 003 | DO-SdBNP | ||
| 005 | 20250123084412.0 | ||
| 007 | ta | ||
| 008 | 100406s1997 dr 000 0 spa d | ||
| 040 |
_aDO-SdBNP _cspa _bBNPHU _erda |
||
| 041 | _hspa | ||
| 082 | 4 |
_a370.97293 _bA473h _222 |
|
| 100 | 1 |
_aAlvarez Santana, Fermín, _d1948- _eautor _938759 |
|
| 245 | 1 | 0 |
_aHéroes anónimos : _bcien años de magisterio en San Pedro de Macorís / _cFermín Alvarez Santana ; prólogo George Hazin Hazin. |
| 264 |
_aSan Pedro de Macorís : _bImpresos de León, _c1997. |
||
| 300 |
_a270 páginas ; _c23 cm. |
||
| 336 |
_ardacontent _btexto _2txt |
||
| 337 |
_ardamedia _bsin mediación _2n |
||
| 338 |
_ardacarrier _bvolumen _2nc |
||
| 500 | _aIncluye datos biográficos del autor en la contraportada | ||
| 504 | _aBibliografía : p. 243-259 | ||
| 590 | _aInventariado, 2022/BT | ||
| 650 | 4 |
_aEducaciòn _xHistoria _zRepública Dominicana _9628 |
|
| 650 | 4 |
_aMaestros _xBiografias _9780 |
|
| 700 | 1 |
_aHazin Hazin, George, _eprólogo _938760 |
|
| 910 | _aBT | ||
| 942 |
_2ddc _cLBS1 |
||
| 999 |
_c17377 _d17377 |
||